000 00671nam a22002297a 4500
999 _c484
_d484
003 AR-CdUCM
008 190223b ||||| |||| 00| 0 spa d
040 _aMUNICIPALIDAD PROVINCIAL DEL CUSCO
_cBIBLIOTECA MUNICIPAL DEL CUSCO
041 _heng
082 _a808.83 /
_bZ42
100 _aZarubíca, Mladin
_91907
245 _aEl año de la rata /
260 _aBarcelona :
_bEdiciones Grijalbo,
_c1965.
300 _a251 páginas ;
_c21 cm.
650 _aNovela
_95
650 _aII guerra mundial
_91908
650 _aSuspens
_91909
650 _aHistorias de espionaje
_91910
700 _aCardona Torres M. (traductor)
_91911
942 _2ddc
_cLIBROS
945 _azta